Stanford law review

Detalles Bibliográficos
Autor Corporativo: Stanford University. School of Law
Formato: Seriadas
Lenguaje:inglés
Publicado: Stanford, Calif. : School of law, Stanford University, 1948-
Materias:
Acceso en línea:Acceso restringido

MARC

LEADER 00000nas a2200000 a 4500
005 20110922125929.0
007 cr |||||||||||
008 050302c19489999xxu|||||s ||| 0 ||eng|c
022 |a 0038-9765  
035 |a 2841 
040 |d vLex 
090 |c 2531  |d 2531 
245 0 0 |a Stanford law review  |h [Recurso electrn̤ico] 
256 |a Servicio en ln̕ea. 
260 |a Stanford, Calif. :  |b School of law, Stanford University,  |c 1948- 
300 |a 1 recurso electrn̤ico 
310 |a Bimestral, 1965- 
321 |a Trimestral, 1948-1963 
500 |a Descripcin̤ realizada a partir de: Vol. 1, no. 1, (1948) 
506 1 |a Contenido solo disponible en los productos indicados  |d vLex Global  |d vLex Global (Academic Edition, excluding Law Schools)  |d vLex Global (Academic Edition, Law Schools) 
580 |a Continuacin̤ de: Stanford intramural law review 
650 0 4 |a Derecho  |z Estados Unidos de Amřica  |x Revistas 
650 0 4 |a Derecho  |z Estados Unidos de Amřica  |z California  |x Revistas 
710 2 |a Stanford University.  |b School of Law 
740 0 |a vLex Libros (Servicio en ln̕ea) 
856 4 0 |u http://vlex.com/source/stanford-law-review-2841  |z Acceso restringido 
942 |c REV